Principles of management in agribusiness (Record no. 37383)

MARC details
000 -LEADER
fixed length control field 00312nam a2200121Ia 4500
082 ## - DEWEY DECIMAL CLASSIFICATION NUMBER
Classification number 658:63
Item number DUF
100 ## - MAIN ENTRY--AUTHOR NAME
Personal name Duft, Kenneth D
245 #0 - TITLE STATEMENT
Title Principles of management in agribusiness
260 ## - PUBLICATION, DISTRIBUTION, ETC. (IMPRINT)
Place of publication Virginia
Name of publisher Reston
Year of publication 1979
650 ## - SUBJECT ADDED ENTRY--TOPICAL TERM
Topical Term Agribusiness
942 ## - ADDED ENTRY ELEMENTS (KOHA)
Koha item type Books
Holdings
Withdrawn status Lost status Damaged status Not for loan Home library Current library Date acquired Cost, normal purchase price Full call number Accession Number Koha item type
        RRII Library RRII Library 16/12/2021 19.95 658:63 DUF 17769 Books